The Hunger Games Trivia - For experts! - Statistics

General Stats
  • This quiz has been taken 967 times
  • The average score is 21 of 30
Answer Stats
Hint Answer % Correct
What district was Foxface from? 5
95%
How many tributes are killed in the bloodbath at the cornucopia? 12
93%
What part of his body does Peeta lose at the end of the book? Leg
93%
Which district's industry is livestock? 10
92%
What weapon kills Rue? Spear
92%
How old is Peeta at the beginning of the books? 16
91%
What is the name of the lethal berries that kill Foxface? Nightlock
90%
Which tribute kills Clove? Thresh
88%
What is Haymitch's last name? Abernathy
85%
Who gives Katniss the gold mockingjay pin? Madge Undersee
84%
What is the name of Prim's goat? Lady
82%
What is the nickname for the Capitol's muttations? Mutts
80%
What is the Career Tributes' nickname for Peeta? Lover Boy
79%
Who is Head Gamemaker of the Games in the first book? Seneca Crane
77%
What is the nickname of the area Katniss lives in? The Seam
76%
What colour ribbon did Katniss tie around the goat's neck when she bought it? Pink
75%
How many times is Gale's name entered into the reaping? 42
73%
Name a member of Katniss' prep team Flavius/Venia/Octavia
73%
What is District 3's industry? Technology
70%
What is the full name of the interview host with blue hair? Caesar Flickerman
68%
What fruit is the mayor of District 12 particularly fond of? Strawberries
67%
Greasy Sae sells what? Soup
65%
What is the name of Gale's sister? Posy
59%
What colour is Prim's cat? Yellow
58%
What does Peeta say is the final defence of the dying? Frosting
42%
What is the name of the turkey-like bird Katniss eats during the Games? Groosling
35%
What is Part 1 of the first book called? The Tributes
31%
What is the name of the head trainer in the Training Centre? Atala
27%
What is the name of the butcher from District 12? Rooba
22%
What date was Katniss born on? 8th May
18%
No matching quizzes found
Score Distribution
Percent of People with Each Score
Percentile by Number Answered
Your Score History
You have not taken this quiz